| 000 | 00407nam a2200145Ia 4500 | ||
|---|---|---|---|
| 008 | 220216s9999 xx 000 0 und d | ||
| 245 | 0 | _aOur plan is to take NR production to new heights-Interview with K.N Raghavan, ED Rubber Board | |
| 260 |
_bRubber Asia _c2019 |
||
| 300 | _a54-58 | ||
| 500 | _aSource Year: 2019 | ||
| 650 | _aChairman | ||
| 650 | _aInterview | ||
| 650 | _aRubber Board | ||
| 942 | _cJS | ||
| 999 |
_c64498 _d64498 |
||